Województwa zbierające najwięcej jabłek - Statystyki

Ogólne statystyki
  • Ten quiz został rozwiązany 190 razy
  • Średni wynik to 5 z 6
Statystyki odpowiedzi
Tys. ton Województwo % Poprawnych
1177,6 mazowieckie
96%
314 lubelskie
86%
77,7 wielkopolskie
78%
70,9 małopolskie
75%
295,4 łódzkie
67%
337,6 świętokrzyskie
60%
Nie znaleziono quizów pasujących do podanych kryteriów
Rozkład punktacji
Procent ludzi z każdym wynikiem
Percentyl według liczby udzielonych odpowiedzi
Twoja historia wyników
Nie rozwiązałeś tego quizu